000 00524aas a2200169 4500
999 _c50081
_d50081
001 768714001
003 CO-MdFUSB
005 20170906103129.0
008 170906s1989 ag ||||| |||| 00| 0 spa d
022 _a0326-6737
040 _aCO-MdFUSB
_bspa
_cCO-MdFUSB
_dCO-MdFUSB
041 _aspa
245 1 0 _aDe cara a la acción, hoy
300 _aVolumen 10. Número 1 (1989), páginas 21-24
_c: 23 cm.
773 0 _tCuadernos de Teología
_049404
_959699
_gVolumen 10. Número 1 (1989), páginas 21-24
_qPágina 21
942 _cANA